| 000 | 00390nam a2200121Ia 4500 | ||
|---|---|---|---|
| 008 | 151021s9999 xx 000 0 und d | ||
| 050 | _aHC 865.K47 2013 | ||
| 245 | _a_Narok county development profile/ Kenya Ministry of devolution | ||
| 260 | _aNairobi : Government Printer, 2013 | ||
| 300 | _axvii,160p. | ||
| 650 | _a_county vision and mission | ||
| 980 | _a^d20140317 11:33:02^omwanik | ||
| 999 |
_c14778 _d14778 |
||